[Event "Riazan-ch"]
[Site "Riazan"]
[Date "2010.04.??"]
[Round "?"]
[White "Goryachev, Anatoly"]
[Black "Vasiliev, Vladimir V"]
[Result "1/2-1/2"]
[WhiteElo "2214"]
[BlackElo "2226"]
[PlyCount "60"]
[EventDate "2010.04.??"]
[EventType "swiss"]
[EventRounds "11"]
[EventCountry "RUS"]
[SourceTitle "EXT 2011"]
[Source "ChessBase"]
[SourceDate "2010.11.26"]
[SourceVersion "1"]
[SourceVersionDate "2010.11.26"]
[SourceQuality "1"]

1. Nf3 d5 2. e3 c5 3. b3 Nf6 4. Bb2 e6 5. Ne5 a6 6. Be2 Nbd7 7. 0-0 Nxe5 8. Bxe5 Bd6 9. f4 0-0 10. d4 Ne4 11. Bd3 Be7 12. Bxe4 dxe4 13. dxc5 Bxc5 14. Bd4 Qc7 15. c3 Rd8 16. Nd2 f6 17. Qe2 Be7 18. c4 f5 19. Rfd1 Bc5 20. Be5 Qb6 21. Nf1 Bd7 22. Kf2 Be8 23. Rxd8 Rxd8 24. Rd1 Bb4 25. Ba1 Qc7 26. Rxd8 Qxd8 27. Qb2 Qe7 28. Qc2 Bh5 29. Bc3 Bc5 30. Qd2 Bb6 1/2-1/2

[Event "Riazan-ch"]
[Site "Riazan"]
[Date "2010.04.??"]
[Round "?"]
[White "Vasiliev, Vladimir V"]
[Black "Juzbashev, Vladimir"]
[Result "1-0"]
[WhiteElo "2226"]
[BlackElo "2091"]
[PlyCount "81"]
[EventDate "2010.04.??"]
[EventType "swiss"]
[EventRounds "11"]
[EventCountry "RUS"]
[SourceTitle "EXT 2011"]
[Source "ChessBase"]
[SourceDate "2010.11.26"]
[SourceVersion "1"]
[SourceVersionDate "2010.11.26"]
[SourceQuality "1"]

1. g3 Nf6 2. Bg2 d5 3. Nf3 c6 4. d4 Bf5 5. 0-0 h6 6. b3 e6 7. Nbd2 Bd6 8. c4 0-0 9. Bb2 Qe7 10. Ne1 Ba3 11. Qc1 Bxb2 12. Qxb2 a5 13. f3 Bh7 14. e4 Na6 15. e5 Nd7 16. f4 Nc7 17. Rc1 Rfc8 18. Nc2 c5 19. Ne3 cxd4 20. Qxd4 Qb4 21. Rfd1 a4 22. Nc2 Qe7 23. Ne3 Nb6 24. cxd5 Ncxd5 25. Nxd5 Nxd5 26. Bxd5 exd5 27. Nf1 Be4 28. Ne3 Rxc1 29. Rxc1 axb3 30. axb3 Rd8 31. Rc5 b6 32. Nxd5 Bxd5 33. Rxd5 Rb8 34. Rd6 b5 35. Qd5 Qa7+ 36. Kg2 Qa2+ 37. Kh3 Qe2 38. e6 Qf1+ 39. Kh4 fxe6 40. Rxe6 Kh8 41. Qe5 1-0

[Event "Riazan Region-ch 1League"]
[Site "Riazan"]
[Date "2009.05.??"]
[Round "?"]
[White "Vasiliev, Vladimir P"]
[Black "Vasiliev, Vladimir V"]
[Result "1/2-1/2"]
[WhiteElo "2358"]
[BlackElo "2195"]
[PlyCount "24"]
[EventDate "2009.05.??"]
[EventType "swiss"]
[EventRounds "11"]
[EventCountry "RUS"]
[SourceTitle "EXT 2012"]
[Source "ChessBase"]
[SourceDate "2011.11.24"]
[SourceVersion "1"]
[SourceVersionDate "2011.11.24"]
[SourceQuality "1"]

1. e4 e6 2. d4 d5 3. exd5 exd5 4. Bd3 Nc6 5. c3 Bd6 6. Ne2 Qh4 7. g3 Qh5 8. Bf4 Bxf4 9. Nxf4 Qxd1+ 10. Kxd1 Bg4+ 11. Kc2 0-0-0 12. Re1 Nf6 1/2-1/2